[Event "LSS No Engine Cup 96 Preliminary 3"]
[Site "LSS email"]
[Date "2013.10.15"]
[Round "?"]
[White "Kalinin, Aleksej"]
[Black "Kratky, Josef"]
[Result "0-1"]
[WhiteElo "1142"]
[BlackElo "1581"]
[PlyCount "24"]
[EventDate "2013.10.16"]
[EventType "tourn (corr)"]
[EventRounds "6"]
[EventCountry "GER"]
[SourceTitle "Corr 2022"]
[Source "ChessBase"]
[SourceDate "2021.10.24"]
[SourceVersion "1"]
[SourceVersionDate "2021.10.24"]
[SourceQuality "1"]

1. e4 c5 2. c4 g6 3. d4 cxd4 4. Qxd4 Nf6 5. e5 Nc6 6. Qc3 Ne4 7. Qf3 d5 8. cxd5 Qxd5 9. Nd2 Bf5 10. Nxe4 Bxe4 11. Qh3 Nxe5 12. Ne2 Nd3+ 0-1

[Event "LSS No Engine Cup 95 Preliminary 1"]
[Site "LSS email"]
[Date "2013.09.21"]
[Round "?"]
[White "Gyongyosi, Peter Laszlo"]
[Black "Kalinin, Aleksej"]
[Result "0-1"]
[WhiteElo "844"]
[BlackElo "700"]
[PlyCount "42"]
[EventDate "2013.09.22"]
[EventType "tourn (corr)"]
[EventRounds "6"]
[EventCountry "GER"]
[SourceTitle "Telechess CBM 167"]
[Source "ChessBase"]
[SourceDate "2015.07.13"]
[SourceVersion "1"]
[SourceVersionDate "2015.07.13"]
[SourceQuality "1"]

1. e4 e5 2. Nf3 Nc6 3. Bb5 Nge7 4. 0-0 a6 5. Bxc6 Nxc6 6. c3 Bd6 7. d3 h6 8. Be3 0-0 9. Nbd2 f5 10. exf5 Rxf5 11. Ne4 Qe7 12. Nxd6 Qxd6 13. Qc2 Rh5 14. g3 Qe6 15. d4 Qg4 16. Nxe5 Nxe5 17. dxe5 Qh3 18. Rfe1 Qxh2+ 19. Kf1 Rxe5 20. Qb3+ d5 21. c4 Bg4 0-1

[Event "LSS No Engine Cup 95 Preliminary 1"]
[Site "LSS email"]
[Date "2013.09.21"]
[Round "?"]
[White "Kalinin, Aleksej"]
[Black "Evans, Stanley W"]
[Result "0-1"]
[WhiteElo "700"]
[BlackElo "1044"]
[PlyCount "44"]
[EventDate "2013.09.22"]
[EventType "tourn (corr)"]
[EventRounds "6"]
[EventCountry "GER"]
[SourceTitle "Telechess CBM 167"]
[Source "ChessBase"]
[SourceDate "2015.07.13"]
[SourceVersion "1"]
[SourceVersionDate "2015.07.13"]
[SourceQuality "1"]

1. e4 e5 2. Nf3 Nc6 3. d4 exd4 4. Nxd4 Bc5 5. Nxc6 Qf6 6. Qf3 bxc6 7. Qxf6 Nxf6 8. Bd3 0-0 9. 0-0 d5 10. exd5 cxd5 11. Bf4 c6 12. Nc3 Re8 13. a4 a5 14. h3 Ba6 15. Bxa6 Rxa6 16. Bg5 Ne4 17. Nxe4 Rxe4 18. Rfe1 Ra8 19. Rxe4 dxe4 20. Rd1 f6 21. Bf4 Re8 22. Be3 Bxe3 0-1

[Event "LSS No Engine Cup 95 Preliminary 1"]
[Site "LSS email"]
[Date "2013.09.21"]
[Round "?"]
[White "Kalinin, Aleksej"]
[Black "Kalinin, Vyacheslav"]
[Result "0-1"]
[WhiteElo "700"]
[BlackElo "1327"]
[PlyCount "72"]
[EventDate "2013.09.22"]
[EventType "tourn (corr)"]
[EventRounds "6"]
[EventCountry "GER"]
[SourceTitle "Telechess CBM 167"]
[Source "ChessBase"]
[SourceDate "2015.07.13"]
[SourceVersion "1"]
[SourceVersionDate "2015.07.13"]
[SourceQuality "1"]

1. e4 c6 2. d4 d5 3. e5 Bf5 4. Bd3 Bxd3 5. Qxd3 e6 6. Nf3 Qa5+ 7. Bd2 Qa6 8. Qxa6 Nxa6 9. a3 c5 10. b4 cxb4 11. axb4 Nxb4 12. Na3 Rc8 13. c3 Nc6 14. Nb5 a6 15. Nd6+ Bxd6 16. exd6 Nf6 17. 0-0 Ne4 18. Be1 Nxd6 19. Bd2 0-0 20. Rfb1 Nb5 21. h3 Rc7 22. Bf4 e5 23. Bxe5 Nxe5 24. dxe5 Nxc3 25. Re1 Ra8 26. e6 fxe6 27. Rxe6 a5 28. Ne5 b5 29. Kh2 Rb7 30. Nc6 b4 31. Rxa5 Rxa5 32. Nd8 Rf7 33. Nc6 Rb5 34. Ne5 b3 35. Nd3 b2 36. Nxb2 Rxb2 0-1

[Event "LSS No Engine Cup 94 Preliminary 0"]
[Site "LSS email"]
[Date "2013.09.08"]
[Round "?"]
[White "Kalinin, Aleksej"]
[Black "Cole, Steve"]
[Result "0-1"]
[WhiteElo "1201"]
[BlackElo "1465"]
[PlyCount "28"]
[EventDate "2013.09.09"]
[EventType "tourn (corr)"]
[EventRounds "6"]
[EventCountry "GER"]
[SourceTitle "Corr 2022"]
[Source "ChessBase"]
[SourceDate "2021.10.24"]
[SourceVersion "1"]
[SourceVersionDate "2021.10.24"]
[SourceQuality "1"]

1. e4 e5 2. d4 exd4 3. Bc4 Nf6 4. e5 d5 5. Be2 Ne4 6. Qxd4 Bc5 7. Qa4+ Bd7 8. Qb3 Bxf2+ 9. Kf1 Bc6 10. Bb5 Bb6 11. Bxc6+ Nxc6 12. Nd2 0-0 13. Nxe4 dxe4 14. Ne2 Qd1# 0-1

[Event "LSS No Engine Cup 94 Preliminary 0"]
[Site "LSS email"]
[Date "2013.09.08"]
[Round "?"]
[White "Kalinin, Aleksej"]
[Black "De Ridder, Michael"]
[Result "0-1"]
[WhiteElo "1201"]
[BlackElo "1828"]
[PlyCount "34"]
[EventDate "2013.09.09"]
[EventType "tourn (corr)"]
[EventRounds "6"]
[EventCountry "GER"]
[SourceTitle "Corr 2022"]
[Source "ChessBase"]
[SourceDate "2021.10.24"]
[SourceVersion "1"]
[SourceVersionDate "2021.10.24"]
[SourceQuality "1"]

1. e4 Nc6 2. Bc4 e5 3. Nf3 Bc5 4. d4 exd4 5. Ng5 Nh6 6. Qf3 Ne5 7. Qb3 Nxc4 8. Qxc4 d6 9. 0-0 0-0 10. Qd3 f5 11. Qb3+ Kh8 12. a4 a5 13. Ne6 Bxe6 14. Qxe6 Ng4 15. exf5 Qh4 16. h3 Rae8 17. Qd7 Nxf2 0-1

[Event "LSS No Engine Cup 93 Preliminary 0"]
[Site "LSS email"]
[Date "2013.08.28"]
[Round "?"]
[White "Jostov, Keylah"]
[Black "Kalinin, Aleksej"]
[Result "1-0"]
[WhiteElo "1469"]
[BlackElo "1213"]
[PlyCount "85"]
[EventDate "2013.08.29"]
[EventType "tourn (corr)"]
[EventRounds "6"]
[EventCountry "GER"]
[SourceTitle "Corr 2022"]
[Source "ChessBase"]
[SourceDate "2021.10.24"]
[SourceVersion "1"]
[SourceVersionDate "2021.10.24"]
[SourceQuality "1"]

1. e4 e5 2. Nf3 d6 3. d4 h6 4. dxe5 Bg4 5. exd6 Bxd6 6. h3 Bxf3 7. Qxf3 Qf6 8. Qxf6 gxf6 9. Nc3 Bb4 10. Bd2 Nc6 11. 0-0-0 0-0-0 12. Bc4 Rh7 13. Nd5 Bxd2+ 14. Rxd2 Ne5 15. Rhd1 Kb8 16. Bb3 Rg7 17. Ne3 Rxd2 18. Rxd2 Kc8 19. f4 Ng6 20. Nf5 Rh7 21. g3 N8e7 22. Re2 Nxf5 23. exf5 Nh8 24. Re3 Rg7 25. Re8+ Kd7 26. Rxh8 Rxg3 27. Rxh6 Rf3 28. Rxf6 Rxh3 29. Rxf7+ Kd6 30. f6 Rf3 31. Rg7 Rxf4 32. f7 Ke7 33. Rg8 c5 34. f8Q+ Rxf8 35. Rxf8 Kxf8 36. Bd5 b6 37. Kd2 Ke7 38. Kc3 Kd6 39. Bg2 a5 40. Kc4 Ke5 41. Kb5 Kd4 42. Kxb6 a4 43. Kb5 1-0

[Event "SN-2013-0-00530"]
[Site "LSS email"]
[Date "2013.08.07"]
[Round "?"]
[White "Kalinin, Aleksej"]
[Black "Newton, Daryl"]
[Result "1-0"]
[WhiteElo "743"]
[BlackElo "589"]
[PlyCount "83"]
[EventDate "2013.07.22"]
[EventType "tourn (corr)"]
[EventRounds "6"]
[EventCountry "GER"]
[SourceTitle "Telechess CBM 163"]
[Source "ChessBase"]
[SourceDate "2014.11.11"]
[SourceVersion "2"]
[SourceVersionDate "2014.11.11"]
[SourceQuality "1"]

1. e4 e5 2. Nf3 Qf6 3. Be2 Bc5 4. 0-0 d6 5. Nc3 Qg6 6. Nd5 Bh3 7. Nh4 Qg5 8. g3 Nf6 9. Nf3 Qh6 10. d4 Qg6 11. Nh4 Qxe4 12. Nxf6+ gxf6 13. dxc5 Rg8 14. Nf3 dxc5 15. Qd3 f5 16. Rd1 Nc6 17. Qd7+ Kf8 18. Bh6+ Rg7 19. Qd5 Qxe2 20. Ng5 Qh5 21. Nxh7+ Kg8 22. Nf6+ Kh8 23. Nxh5 Rh7 24. Be3 Rxh5 25. Qxf7 Rh7 26. Qf6+ Kg8 27. Qe6+ Rf7 28. Rd7 Raf8 29. Bh6 Nd8 30. Qg6+ Kh8 31. Bg7+ Kg8 32. Bxf8+ Kxf8 33. Rxd8+ Ke7 34. Qg5+ Rf6 35. Rad1 f4 36. Qxe5+ Kf7 37. Qh5+ Rg6 38. Qxh3 fxg3 39. Qh7+ Kf6 40. fxg3 Kf5 41. Rf8+ Kg5 42. Rd5+ 1-0

[Event "OP-2013-0-02927"]
[Site "LSS email"]
[Date "2013.08.06"]
[Round "?"]
[White "Kalinin, Aleksej"]
[Black "Raines, David T"]
[Result "0-1"]
[WhiteElo "878"]
[BlackElo "1133"]
[PlyCount "114"]
[EventDate "2013.08.04"]
[EventType "tourn (corr)"]
[EventRounds "4"]
[EventCountry "GER"]
[SourceTitle "Corr 2022"]
[Source "ChessBase"]
[SourceDate "2021.10.24"]
[SourceVersion "1"]
[SourceVersionDate "2021.10.24"]
[SourceQuality "1"]

1. e4 c5 2. d4 cxd4 3. Nf3 d6 4. Nxd4 Nf6 5. Bd3 a6 6. 0-0 e6 7. Nc3 Be7 8. Be3 0-0 9. Bg5 Nbd7 10. b4 Qc7 11. Nde2 Ne5 12. f4 Nxd3 13. Qxd3 Rd8 14. a4 b6 15. Qd4 Bb7 16. Rac1 e5 17. fxe5 dxe5 18. Qe3 h6 19. Bxh6 Ng4 20. Qg3 Nxh6 21. Qf3 Bxb4 22. Rb1 Bc5+ 23. Kh1 Rf8 24. Qh5 Bd4 25. Rf3 Rac8 26. Nd5 Bxd5 27. exd5 Qxc2 28. Rff1 Qc5 29. Rf3 e4 30. Rg3 Kh7 31. Qg5 Bf6 32. Qd2 Rfd8 33. Nf4 Be5 34. Rd1 Bxf4 35. Qxf4 Rxd5 36. Qxe4+ Kg8 37. Qf3 Rxd1+ 38. Qxd1 Qc1 39. Rd3 Qxd1+ 40. Rxd1 Rc4 41. Ra1 Nf5 42. h3 Kf8 43. Rb1 Rc6 44. Kh2 Nd6 45. Ra1 b5 46. axb5 axb5 47. Ra8+ Ke7 48. Rb8 Rc7 49. Kh1 Rb7 50. Ra8 b4 51. Ra1 b3 52. Rb1 Nc4 53. Kg1 b2 54. Kf2 Na3 55. Re1+ Kf6 56. Kg3 b1Q 57. Rxb1 Nxb1 0-1

[Event "RN-2013-0-00677"]
[Site "LSS email"]
[Date "2013.08.06"]
[Round "?"]
[White "Linart, Ludvik"]
[Black "Kalinin, Aleksej"]
[Result "1/2-1/2"]
[WhiteElo "869"]
[BlackElo "743"]
[PlyCount "93"]
[EventDate "2013.07.25"]
[EventType "tourn (corr)"]
[EventRounds "6"]
[EventCountry "GER"]
[SourceTitle "Telechess CBM 161"]
[Source "ChessBase"]
[SourceDate "2014.07.16"]
[SourceVersion "1"]
[SourceVersionDate "2014.07.16"]
[SourceQuality "1"]

1. d4 d5 2. c4 c6 3. Nf3 Nf6 4. e3 e6 5. Bd3 Bb4+ 6. Nc3 dxc4 7. Bxc4 Ne4 8. 0-0 Nxc3 9. Qb3 Nxa2 10. Rxa2 a5 11. Bd2 Bxd2 12. Nxd2 b5 13. Be2 0-0 14. Rc1 Qb6 15. Nc4 Qc7 16. Ne5 Nd7 17. Nxd7 Bxd7 18. Qxb5 Qxh2+ 19. Kxh2 cxb5 20. Rc7 Rfd8 21. Bf3 Ra6 22. b3 a4 23. bxa4 bxa4 24. g3 g6 25. Bd1 Kg7 26. Ra3 Bb5 27. Rb7 Bc6 28. Rb4 Rd5 29. Bf3 Rd6 30. Bxc6 Rdxc6 31. Raxa4 Rxa4 32. Rxa4 Rc2 33. Kg2 h5 34. Ra5 Kf6 35. Kf3 g5 36. Rb5 Rd2 37. Rc5 Rb2 38. d5 exd5 39. Rxd5 Rb4 40. Kg2 Re4 41. Rd3 g4 42. Kf1 Kg6 43. Ke2 f5 44. Kf1 Kg5 45. Kg2 Kg6 46. Ra3 Kf6 47. Ra6+ 1/2-1/2

[Event "SN-2013-0-00528"]
[Site "LSS email"]
[Date "2013.07.28"]
[Round "?"]
[White "Kalinin, Aleksej"]
[Black "Trebichalsky, Rastislav"]
[Result "1-0"]
[WhiteElo "894"]
[BlackElo "633"]
[PlyCount "72"]
[EventDate "2013.07.14"]
[EventType "tourn (corr)"]
[EventRounds "6"]
[EventCountry "GER"]
[SourceTitle "Corr 2022"]
[Source "ChessBase"]
[SourceDate "2021.10.24"]
[SourceVersion "1"]
[SourceVersionDate "2021.10.24"]
[SourceQuality "1"]

1. e4 e5 2. Nf3 d6 3. Bc4 Be6 4. Na3 Bxc4 5. Nxc4 Nc6 6. d4 exd4 7. Nxd4 Nxd4 8. Qxd4 Qf6 9. Qxf6 Nxf6 10. 0-0 0-0-0 11. Bg5 Be7 12. Rfe1 Rde8 13. e5 Ng4 14. Bxe7 Rxe7 15. exd6 Rxe1+ 16. Rxe1 cxd6 17. Nxd6+ Kc7 18. Nxf7 Rf8 19. Re7+ Kc6 20. f3 Nf6 21. Ng5 h6 22. Ne6 Kd6 23. Nxf8 Kxe7 24. Ng6+ Kf7 25. Ne5+ Ke6 26. Nd3 Kd5 27. Kf2 Kc4 28. a4 a5 29. Ke3 g5 30. h3 Nd5+ 31. Kd2 Nb4 32. b3+ Kd5 33. Nxb4+ axb4 34. Kd3 Kc5 35. Ke4 h5 36. Ke5 g4 1-0

[Event "SN-2013-0-00528"]
[Site "LSS email"]
[Date "2013.07.28"]
[Round "?"]
[White "Scragg, Chris"]
[Black "Kalinin, Aleksej"]
[Result "1-0"]
[WhiteElo "708"]
[BlackElo "894"]
[PlyCount "57"]
[EventDate "2013.07.14"]
[EventType "tourn (corr)"]
[EventRounds "6"]
[EventCountry "GER"]
[SourceTitle "Corr 2022"]
[Source "ChessBase"]
[SourceDate "2021.10.24"]
[SourceVersion "1"]
[SourceVersionDate "2021.10.24"]
[SourceQuality "1"]

1. d4 d5 2. c4 e6 3. Nf3 dxc4 4. e3 b5 5. a4 Bb4+ 6. Bd2 Bxd2+ 7. Nfxd2 Nf6 8. axb5 a6 9. Qf3 Ra7 10. Nc3 Bb7 11. Qg3 0-0 12. Bxc4 Qd6 13. Qxd6 cxd6 14. 0-0 d5 15. Bd3 a5 16. b4 a4 17. Nxa4 Nbd7 18. Nb3 Rfa8 19. Na5 Bc8 20. Rac1 Ne4 21. b6 Rxa5 22. bxa5 g6 23. Rxc8+ Rxc8 24. b7 Rc7 25. a6 Nb8 26. a7 Rxb7 27. a8Q Rb4 28. Rb1 Rxb1+ 29. Bxb1 1-0

[Event "LSS No Engine Cup 92 Preliminary 0"]
[Site "LSS email"]
[Date "2013.07.27"]
[Round "?"]
[White "Kalinin, Aleksej"]
[Black "Hogan, Bernardo"]
[Result "0-1"]
[WhiteElo "1237"]
[BlackElo "1712"]
[PlyCount "56"]
[EventDate "2013.07.28"]
[EventType "tourn (corr)"]
[EventRounds "6"]
[EventCountry "GER"]
[SourceTitle "Corr 2022"]
[Source "ChessBase"]
[SourceDate "2021.10.24"]
[SourceVersion "1"]
[SourceVersionDate "2021.10.24"]
[SourceQuality "1"]

1. e4 c5 2. Nf3 d6 3. c4 Nc6 4. d3 Nf6 5. Nc3 Bg4 6. Be2 e6 7. h3 Bxf3 8. Bxf3 Nd4 9. Bg5 h6 10. Be3 Be7 11. Qa4+ Qd7 12. Bd1 0-0 13. Qxd7 Nxd7 14. Bxd4 cxd4 15. Nb5 a6 16. Nxd4 Bf6 17. Ba4 Nc5 18. Nxe6 fxe6 19. Bc2 Bxb2 20. Rb1 Bc3+ 21. Kf1 Bd4 22. f3 Rab8 23. Rb6 Nxe4 24. Rb4 Ng3+ 25. Ke1 Nxh1 26. Ba4 Nf2 27. Bc2 Nxd3+ 28. Bxd3 Bc3+ 0-1

[Event "LSS No Engine Cup 91 Preliminary 0"]
[Site "LSS email"]
[Date "2013.07.13"]
[Round "?"]
[White "Jostov, Keylah"]
[Black "Kalinin, Aleksej"]
[Result "1-0"]
[WhiteElo "1456"]
[BlackElo "1262"]
[PlyCount "47"]
[EventDate "2013.07.14"]
[EventType "tourn (corr)"]
[EventRounds "6"]
[EventCountry "GER"]
[SourceTitle "Corr 2022"]
[Source "ChessBase"]
[SourceDate "2021.10.24"]
[SourceVersion "1"]
[SourceVersionDate "2021.10.24"]
[SourceQuality "1"]

1. Nc3 d5 2. e4 d4 3. Nce2 e5 4. Ng3 Bc5 5. Nf3 Bg4 6. h3 Bxf3 7. Qxf3 Nf6 8. Bc4 0-0 9. d3 Bb4+ 10. c3 dxc3 11. 0-0 Nc6 12. bxc3 Bxc3 13. Bg5 Nd4 14. Qe3 Nc2 15. Qf3 Bxa1 16. Nh5 Nd4 17. Qd1 Bc3 18. Bxf6 Qd6 19. Qg4 g6 20. Qg5 Rfe8 21. Qh6 Qf8 22. Bg7 Qe7 23. Nf6+ Qxf6 24. Bxf6 1-0

[Event "OP-2013-0-02868"]
[Site "LSS email"]
[Date "2013.07.08"]
[Round "?"]
[White "Lenz, Juergen"]
[Black "Kalinin, Aleksej"]
[Result "1-0"]
[WhiteElo "1083"]
[BlackElo "743"]
[PlyCount "83"]
[EventDate "2013.07.04"]
[EventType "tourn (corr)"]
[EventRounds "4"]
[EventCountry "GER"]
[SourceTitle "Telechess CBM 161"]
[Source "ChessBase"]
[SourceDate "2014.07.16"]
[SourceVersion "1"]
[SourceVersionDate "2014.07.16"]
[SourceQuality "1"]

1. d4 b6 2. Nf3 Bb7 3. Bf4 e6 4. e3 Nf6 5. Be2 Ne4 6. 0-0 Bd6 7. Bxd6 cxd6 8. a4 0-0 9. a5 bxa5 10. Nbd2 Ng5 11. Nxg5 Qxg5 12. Bf3 Nc6 13. Ne4 Qe7 14. c3 Ba6 15. Be2 Bxe2 16. Qxe2 Rab8 17. Ra2 Rb3 18. Nd2 Rb7 19. Nc4 d5 20. Nxa5 Nxa5 21. Rxa5 Rfb8 22. b4 Rc7 23. Qb2 Qd8 24. Rfa1 Ra8 25. f4 f5 26. Rc5 Rc6 27. Raa5 Qh4 28. g3 Qg4 29. Kg2 h5 30. h3 Qg6 31. Rxc6 dxc6 32. Qe2 h4 33. g4 fxg4 34. hxg4 Qe4+ 35. Kh3 Qh7 36. Ra6 Kf7 37. Rxc6 a5 38. Rc7+ Kf8 39. bxa5 Rxa5 40. Qb2 Qg6 41. Qb8+ Qe8 42. Rc8 1-0

[Event "SN-2013-0-00522"]
[Site "LSS email"]
[Date "2013.07.03"]
[Round "?"]
[White "Huseby, Juan Carlos"]
[Black "Kalinin, Aleksej"]
[Result "0-1"]
[WhiteElo "582"]
[BlackElo "743"]
[PlyCount "66"]
[EventDate "2013.06.21"]
[EventType "tourn (corr)"]
[EventRounds "6"]
[EventCountry "GER"]
[SourceTitle "Telechess CBM 163"]
[Source "ChessBase"]
[SourceDate "2014.11.11"]
[SourceVersion "2"]
[SourceVersionDate "2014.11.11"]
[SourceQuality "1"]

1. f4 d6 2. e4 e5 3. f5 Nc6 4. Nf3 Nf6 5. Nc3 Be7 6. d3 h6 7. Be2 0-0 8. Bxh6 gxh6 9. Nh4 Nd4 10. Nd5 Nxd5 11. Bh5 Bxh4+ 12. g3 Bg5 13. h4 Bf6 14. Qg4+ Bg7 15. Qh3 Nxc2+ 16. Kf2 Nxa1 17. Rxa1 Nf6 18. g4 Nxh5 19. gxh5 c6 20. Rg1 Qb6+ 21. Kf1 f6 22. Rg2 Rf7 23. b3 Qc5 24. Qg3 Qc1+ 25. Kf2 b6 26. Qg6 Ba6 27. Rg3 Qc2+ 28. Kg1 Bxd3 29. Qxh6 Qd1+ 30. Kh2 Bxe4 31. Rg1 Qe2+ 32. Kh3 Qf3+ 33. Kh2 Qf2+ 0-1

[Event "OP-2013-0-02855"]
[Site "LSS email"]
[Date "2013.07.01"]
[Round "?"]
[White "Kalinin, Aleksej"]
[Black "Vontina, Maria"]
[Result "1/2-1/2"]
[WhiteElo "743"]
[BlackElo "772"]
[PlyCount "33"]
[EventDate "2013.06.29"]
[EventType "tourn (corr)"]
[EventRounds "4"]
[EventCountry "GER"]
[SourceTitle "Corr 2015"]
[Source "ChessBase"]
[SourceDate "2015.07.17"]
[SourceVersion "1"]
[SourceVersionDate "2015.07.17"]
[SourceQuality "1"]

1. e4 e6 2. e5 d5 3. d4 c5 4. Bb5+ Bd7 5. a4 Ne7 6. Bg5 a6 7. Bxd7+ Nxd7 8. Nf3 Qc7 9. c3 Ng6 10. 0-0 cxd4 11. cxd4 Rc8 12. Nbd2 Bb4 13. Rc1 Qb8 14. Nb3 0-0 15. Bd2 Be7 16. Bg5 Bb4 17. Bd2 1/2-1/2

[Event "LSS No Engine Cup 90 Preliminary 5"]
[Site "LSS email"]
[Date "2013.07.01"]
[Round "?"]
[White "Le Duigou, Jean Guy"]
[Black "Kalinin, Aleksej"]
[Result "1-0"]
[WhiteElo "1577"]
[BlackElo "697"]
[PlyCount "53"]
[EventDate "2013.07.02"]
[EventType "tourn (corr)"]
[EventRounds "6"]
[EventCountry "GER"]
[SourceTitle "Telechess CBM 163"]
[Source "ChessBase"]
[SourceDate "2014.11.11"]
[SourceVersion "2"]
[SourceVersionDate "2014.11.11"]
[SourceQuality "1"]

1. e4 e5 2. Nf3 Bd6 3. Bc4 h6 4. 0-0 Nf6 5. Re1 0-0 6. d4 exd4 7. e5 Bb4 8. exf6 Bxe1 9. fxg7 Kxg7 10. Qxd4+ Kg8 11. Nxe1 Nc6 12. Qc3 d5 13. Bd3 d4 14. Qc5 Re8 15. Nf3 Bg4 16. Nbd2 Qd7 17. Ne4 Qe6 18. Nxd4 Nxd4 19. Qxd4 Red8 20. Nf6+ Kf8 21. Bxh6+ Ke7 22. Qxg4 Qxg4 23. Nxg4 Rd4 24. h3 Rg8 25. Re1+ Kd8 26. Nf6 Rh8 27. Bg7 1-0